[Event "Icelandic Team Championship 2021-22 - P"]
[Site "Reykjavik"]
[Date "2022.03.03"]
[Round "6.3"]
[White "Briem, Stephan"]
[Black "Crevatin, Leo"]
[Result "1/2-1/2"]
[WhiteElo "2039"]
[BlackElo "2224"]
[PlyCount "52"]
[EventDate "2021.09.30"]
[EventType "team-tourn"]
[EventRounds "10"]
[EventCountry "ISL"]
[WhiteTeam "Skákdeild Breiðabliks"]
[BlackTeam "Taflfélag Garðabæjar"]

1. d4 Nf6 2. Nf3 d5 3. e3 c5 4. c4 cxd4 5. exd4 Nc6 6. Nc3 a6 7. cxd5 Nxd5 8.
Bc4 Be6 9. Bb3 Na5 10. Ng5 Nxc3 11. bxc3 Bxb3 12. axb3 Qd5 13. O-O Nxb3 14. c4
Qxc4 15. Rb1 Nxc1 16. Rxc1 Qd5 17. Rc5 Qd7 18. Qc2 h6 19. Rc7 Qg4 20. Rxb7 hxg5
21. Qc6+ Kd8 22. Qb6+ Ke8 23. Qc6+ Kd8 24. Qb6+ Ke8 25. Qc6+ Kd8 26. Qb6+ Ke8
1/2-1/2

[Event "Icelandic Team Championship 2021-22 - P"]
[Site "Reykjavik"]
[Date "2022.03.03"]
[Round "6.3"]
[White "Kristjansson, Atli Freyr"]
[Black "Johannsson, Birkir Isak"]
[Result "0-1"]
[WhiteElo "2189"]
[BlackElo "2103"]
[PlyCount "111"]
[EventDate "2021.09.30"]
[EventType "team-tourn"]
[EventRounds "10"]
[EventCountry "ISL"]
[WhiteTeam "Taflfélag Garðabæjar"]
[BlackTeam "Skákdeild Breiðabliks"]

1. d4 d5 2. Nf3 Nf6 3. c4 e6 4. Nc3 c6 5. cxd5 exd5 6. g3 Bd6 7. Bg2 O-O 8. O-O
Re8 9. Bg5 h6 10. Bxf6 Qxf6 11. Qb3 Nd7 12. Rfd1 Qe7 13. Rac1 Nf6 14. h3 Ne4
15. Nxe4 dxe4 16. Nh2 Be6 17. Qc2 f5 18. Nf1 Qf7 19. b3 Rad8 20. Ne3 f4 21. Nf1
f3 22. exf3 exf3 23. Bh1 Bxh3 24. Qc3 Rf8 25. Rd3 Bg2 26. Nh2 Bxh1 27. Kxh1
Rde8 28. Rxf3 Qd5 29. Kg2 Re2 30. Rc2 Rxc2 31. Qxc2 Qxd4 32. Qg6 Qd5 33. a4 a5
34. Qg4 Rxf3 35. Nxf3 Qxb3 36. Nh4 Qd5+ 37. Kg1 Bf8 38. Qc8 Qf7 39. Nf5 Kh7 40.
Nd4 Bc5 41. Nf5 h5 42. Kg2 Bxf2 43. Nh4 Bd4 44. Nf3 Be3 45. Qd8 Qg6 46. Kh2 b5
47. Qe7 Qc2+ 48. Kh3 Qf5+ 49. Kg2 Qc2+ 50. Kh3 Qf5+ 51. Kg2 Bh6 52. axb5 cxb5
53. Qe2 b4 54. Kh2 b3 55. Nd4 Qb1 56. Ne6 0-1

[Event "Icelandic Team Championship 2021-22 - P"]
[Site "Reykjavik"]
[Date "2022.03.04"]
[Round "7.1"]
[White "Stefansson, Vignir Vatnar"]
[Black "Hillarp Persson, Tiger"]
[Result "1-0"]
[WhiteElo "2477"]
[BlackElo "2505"]
[PlyCount "113"]
[EventDate "2021.09.30"]
[EventType "team-tourn"]
[EventRounds "10"]
[EventCountry "ISL"]
[WhiteTeam "Skákdeild Breiðabliks"]
[BlackTeam "Skákfélag Akureyrar"]

1. d4 e6 2. c4 f5 3. g3 Nf6 4. Bg2 d5 5. Nf3 Bd6 6. O-O O-O 7. b3 b6 8. Ba3 Bb7
9. Qc1 Ne4 10. c5 Be7 11. Ne5 bxc5 12. Bxe4 fxe4 13. Bxc5 Bd6 14. f4 a5 15. Nc3
Bxc5 16. dxc5 Ba6 17. Qd2 Ra7 18. Qd4 c6 19. a3 Qc8 20. Rfd1 Rf5 21. b4 Nd7 22.
Nxd7 Qxd7 23. Rab1 Qe8 24. bxa5 h5 25. Rb6 h4 26. Rf1 hxg3 27. hxg3 Qg6 28.
Rb8+ Kh7 29. Kg2 Rh5 30. Rbb1 Qg4 31. Qe3 Qh3+ 32. Kf2 Rf7 33. Ke1 e5 34. Kd2
exf4 35. gxf4 Qf5 36. Rb4 g5 37. Qd4 gxf4 38. Rb8 Rg7 39. Rb6 Bc4 40. Rxc6 f3
41. Rf2 Rh1 42. exf3 Qg5+ 43. Qe3 Qg1 44. Kc2 Rh2 45. Nxe4 dxe4 46. Qxe4+ Kh8
47. Rxh2+ Qxh2+ 48. Kc3 Bg8 49. a6 Qa2 50. Qh4+ Rh7 51. Qd4+ Rg7 52. Rh6+ Bh7
53. Kb4 Qb1+ 54. Ka5 Qb8 55. Rb6 Qc7 56. Qd6 Bf5 57. Qf8+ 1-0

[Event "Icelandic Team Championship 2021-22 - P"]
[Site "Reykjavik"]
[Date "2022.03.04"]
[Round "7.1"]
[White "Bromann, Thorbjorn"]
[Black "Jensson, Einar Hjalti"]
[Result "0-1"]
[WhiteElo "2376"]
[BlackElo "2326"]
[PlyCount "98"]
[EventDate "2021.09.30"]
[EventType "team-tourn"]
[EventRounds "10"]
[EventCountry "ISL"]
[WhiteTeam "Skákfélag Akureyrar"]
[BlackTeam "Skákdeild Breiðabliks"]

1. b3 e5 2. Bb2 Nc6 3. e3 Nf6 4. Bb5 Bd6 5. Ne2 Qe7 6. Ng3 g6 7. Qf3 a6 8. Be2
b6 9. Nc3 Bb7 10. Nge4 Nxe4 11. Nxe4 f5 12. Nxd6+ Qxd6 13. Qg3 O-O-O 14. O-O-O
Qe7 15. f4 d6 16. h4 Rhg8 17. h5 g5 18. fxe5 Nxe5 19. Rhf1 Rdf8 20. Qh3 g4 21.
Qg3 h6 22. Rf4 Rg5 23. Rdf1 Rxh5 24. d4 Nf3 25. e4 Nh2 26. Rh1 Qh4 27. Qxh4
Rxh4 28. g3 Bxe4 29. Rxe4 fxe4 30. gxh4 Rf2 31. Bxa6+ Kd7 32. Rg1 h5 33. d5 Nf3
34. Rg3 e3 35. Bc3 e2 36. Bd3 Rf1+ 37. Kb2 e1=Q 38. Bxe1 Rxe1 39. Bf5+ Ke7 40.
Bxg4 hxg4 41. Rxg4 Rh1 42. Rg7+ Kd8 43. Rf7 Nxh4 44. a4 Ng6 45. Rf3 Kc8 46. Rg3
Ne5 47. c4 Kb7 48. Kc3 Rf1 49. b4 Rc1+ 0-1

[Event "Icelandic Team Championship 2021-22 - P"]
[Site "Reykjavik"]
[Date "2022.03.04"]
[Round "7.1"]
[White "Gislason, Gudmundur"]
[Black "Karlsson, Bjorn-Ivar"]
[Result "0-1"]
[WhiteElo "2308"]
[BlackElo "2295"]
[PlyCount "80"]
[EventDate "2021.09.30"]
[EventType "team-tourn"]
[EventRounds "10"]
[EventCountry "ISL"]
[WhiteTeam "Skákdeild Breiðabliks"]
[BlackTeam "Skákfélag Akureyrar"]

1. c4 e5 2. Nc3 Nf6 3. g3 d5 4. cxd5 Nxd5 5. Bg2 Nb6 6. Nf3 Nc6 7. d3 Be7 8.
O-O O-O 9. Bd2 Re8 10. Rc1 Bf8 11. Ne4 Nd4 12. b4 c6 13. a4 a6 14. Nc5 Nd5 15.
Nxd4 exd4 16. Rc4 Nb6 17. Rc1 Nd5 18. a5 g6 19. Re1 Bg7 20. Na4 Be6 21. Nc5 Bc8
22. e4 dxe3 23. fxe3 Nc7 24. Qb3 Nb5 25. Rf1 Qe7 26. d4 Be6 27. Nxe6 fxe6 28.
Bh3 Rad8 29. Rf4 Nc7 30. Rcf1 Nd5 31. R4f2 Rf8 32. e4 Rxf2 33. Rxf2 Nc7 34. e5
Rxd4 35. Be3 Rxb4 36. Qc2 Rb5 37. Qe2 Rxe5 38. Qf3 Nd5 39. Ba7 Nf6 40. Kg2 Rd5
0-1

[Event "Icelandic Team Championship 2021-22 - P"]
[Site "Reykjavik"]
[Date "2022.03.04"]
[Round "7.1"]
[White "Sigurpalsson, Runar"]
[Black "Bergsson, Snorri"]
[Result "1/2-1/2"]
[WhiteElo "2279"]
[BlackElo "2230"]
[PlyCount "73"]
[EventDate "2021.09.30"]
[EventType "team-tourn"]
[EventRounds "10"]
[EventCountry "ISL"]
[WhiteTeam "Skákfélag Akureyrar"]
[BlackTeam "Skákdeild Breiðabliks"]

1. c4 g6 2. Nc3 Bg7 3. Nf3 c5 4. g3 Nc6 5. Bg2 d6 6. O-O Bf5 7. e4 Bg4 8. h3
Bxf3 9. Qxf3 Nf6 10. d3 O-O 11. Be3 Ne8 12. Qe2 Nc7 13. Qd2 Ne6 14. Ne2 Rb8 15.
Rab1 Qc7 16. f4 Ned4 17. Nc3 Qd7 18. Rf2 b5 19. cxb5 Nxb5 20. Rbf1 Nbd4 21. f5
Be5 22. Kh2 f6 23. h4 Rf7 24. b3 Kh8 25. Nd5 gxf5 26. exf5 Rg7 27. Bf4 Rbg8 28.
Bh3 Rxg3 29. Bxg3 Bxg3+ 30. Kh1 Bxf2 31. Rxf2 Ne5 32. Rg2 Qb7 33. Rxg8+ Kxg8
34. Bg2 Qd7 35. Bh3 Qb7 36. Bg2 Qd7 37. Bh3 1/2-1/2

[Event "Icelandic Team Championship 2021-22 - P"]
[Site "Reykjavik"]
[Date "2022.03.04"]
[Round "7.1"]
[White "Einarsson, Halldor Gretar"]
[Black "Thorgeirsson, Jon Kristinn"]
[Result "1-0"]
[WhiteElo "2207"]
[BlackElo "2275"]
[PlyCount "75"]
[EventDate "2021.09.30"]
[EventType "team-tourn"]
[EventRounds "10"]
[EventCountry "ISL"]
[WhiteTeam "Skákdeild Breiðabliks"]
[BlackTeam "Skákfélag Akureyrar"]

1. d4 Nf6 2. c4 e6 3. g3 d5 4. Nf3 Bb4+ 5. Bd2 a5 6. Bg2 O-O 7. O-O dxc4 8.
Bxb4 axb4 9. Ne5 Nc6 10. Nxc6 bxc6 11. e3 Ba6 12. Bxc6 Rb8 13. Re1 Qd6 14. Bf3
Rfd8 15. Qc2 e5 16. Nd2 exd4 17. Nxc4 Qe6 18. Na5 d3 19. Qxc7 Rbc8 20. Qf4 Qb6
21. Nb3 Rc2 22. Nd4 Rxb2 23. Reb1 Rxb1+ 24. Rxb1 Bb7 25. Bxb7 Qxb7 26. a3 Ne4
27. Qf3 d2 28. Rb2 Rxd4 29. exd4 Nxg3 30. d5 Qa6 31. hxg3 Qf6 32. Rxb4 Qa1+ 33.
Kg2 g6 34. Rb8+ Kg7 35. Rb7 d1=Q 36. Qxf7+ Kh6 37. Qxh7+ Kg5 38. Qh4+ 1-0

[Event "Icelandic Team Championship 2021-22 - P"]
[Site "Reykjavik"]
[Date "2022.03.04"]
[Round "7.1"]
[White "Halldorsson, Halldor"]
[Black "Ornolfsson, Magnus P."]
[Result "0-1"]
[WhiteElo "2211"]
[BlackElo "2163"]
[PlyCount "108"]
[EventDate "2021.09.30"]
[EventType "team-tourn"]
[EventRounds "10"]
[EventCountry "ISL"]
[WhiteTeam "Skákfélag Akureyrar"]
[BlackTeam "Skákdeild Breiðabliks"]

1. e4 e5 2. Nf3 Nc6 3. Bb5 a6 4. Ba4 Nf6 5. O-O b5 6. Bb3 Bc5 7. c3 d6 8. d4
Bb6 9. h3 O-O 10. Re1 h6 11. a3 Bb7 12. g4 Re8 13. g5 hxg5 14. Bxg5 Na5 15. Bc2
c5 16. d5 Bc8 17. Nh4 c4 18. Qf3 Qe7 19. Kh2 Ng4+ 20. Qxg4 f6 21. Qg3 fxg5 22.
Nf3 Rf8 23. Nbd2 Rf4 24. Re2 g4 25. Nh4 Qf6 26. Nf5 g6 27. hxg4 gxf5 28. exf5
Kf7 29. Ne4 Qh6+ 30. Kg2 Bxf5 31. gxf5 Rg8 32. Rh1 Rxg3+ 33. fxg3 Rxe4 34. Bxe4
Qg5 35. f6 Nb3 36. Ree1 Nd2 37. Rh7+ Kxf6 38. Re2 Nxe4 39. Rxe4 Qd2+ 40. Kh3
Qxd5 41. Reh4 Qh1+ 42. Kg4 Qd1+ 43. Kh3 Ke6 44. R7h6+ Kd5 45. Rf6 Be3 46. Rf8
Bg5 47. Rhh8 Bc1 48. g4 Qh1+ 49. Kg3 Bf4+ 50. Kf2 Qd1 51. Rhg8 Qc2+ 52. Kf3
Qd3+ 53. Kf2 Qg3+ 54. Ke2 Ke4 0-1

[Event "Icelandic Team Championship 2021-22 - P"]
[Site "Reykjavik"]
[Date "2022.03.04"]
[Round "7.1"]
[White "Ingvason, Johann"]
[Black "Karason, Askell O"]
[Result "1-0"]
[WhiteElo "2147"]
[BlackElo "2186"]
[PlyCount "79"]
[EventDate "2021.09.30"]
[EventType "team-tourn"]
[EventRounds "10"]
[EventCountry "ISL"]
[WhiteTeam "Skákdeild Breiðabliks"]
[BlackTeam "Skákfélag Akureyrar"]

1. e4 d6 2. d4 Nf6 3. Bd3 e5 4. Ne2 Be7 5. d5 O-O 6. Ng3 c6 7. c4 Na6 8. Nc3
cxd5 9. cxd5 Nc5 10. Bc2 a5 11. a4 Ne8 12. O-O Bg5 13. Nb5 g6 14. Ra3 Bd7 15.
Bxg5 Qxg5 16. Nf5 Nxe4 17. Bxe4 Bxf5 18. Bxf5 Qxf5 19. Qd2 Rc8 20. Qxa5 Rc2 21.
Qb4 Qd7 22. Rb3 Nf6 23. Qxd6 Qxd6 24. Nxd6 Nxd5 25. Rxb7 Nf4 26. a5 Rd8 27.
Nxf7 Rdd2 28. Nh6+ Kf8 29. a6 Rxb2 30. a7 Ra2 31. Ng4 Ne2+ 32. Kh1 Rd8 33. Nxe5
Nd4 34. Rxh7 Kg8 35. Rb7 Rd5 36. Rc1 Rc5 37. Nd3 Rxc1+ 38. Nxc1 Ra1 39. Rc7 Nc6
40. Rxc6 1-0

[Event "Icelandic Team Championship 2021-22 - P"]
[Site "Reykjavik"]
[Date "2022.03.04"]
[Round "7.1"]
[White "Bergsson, Stefan"]
[Black "Briem, Stephan"]
[Result "1/2-1/2"]
[WhiteElo "2095"]
[BlackElo "2039"]
[PlyCount "112"]
[EventDate "2021.09.30"]
[EventType "team-tourn"]
[EventRounds "10"]
[EventCountry "ISL"]
[WhiteTeam "Skákfélag Akureyrar"]
[BlackTeam "Skákdeild Breiðabliks"]

1. c4 c6 2. e4 d5 3. exd5 cxd5 4. d4 Nf6 5. Nc3 g6 6. Nf3 Bg7 7. cxd5 O-O 8.
Bc4 Nbd7 9. O-O Nb6 10. Qb3 Bf5 11. Bg5 Rc8 12. Bxf6 Bxf6 13. Be2 Qd6 14. Rfe1
Rfd8 15. Ne5 Nxd5 16. Nxd5 Bxe5 17. Nxe7+ Qxe7 18. dxe5 Qxe5 19. Qxb7 Re8 20.
h3 Rc2 21. Bf3 Qxe1+ 22. Rxe1 Rxe1+ 23. Kh2 Be6 24. Qxa7 Ra1 25. Qb8+ Rc8 26.
Qb7 Rxa2 27. Bd5 Rxb2 28. Qxb2 Bxd5 29. Qe5 Be6 30. g4 Rd8 31. Kg3 Rd5 32. Qf6
h5 33. f4 hxg4 34. hxg4 Bxg4 35. Kxg4 Rh5 36. Qd8+ Kg7 37. Kf3 Rf5 38. Qd4+ Kg8
39. Qe4 Rh5 40. Qe8+ Kg7 41. Qc8 Rf5 42. Ke4 Rh5 43. Qc3+ Kg8 44. Qf6 Rf5 45.
Qd8+ Kg7 46. Qc8 Rh5 47. Qc3+ Kg8 48. Qc6 Rf5 49. Qa6 Kg7 50. Qa1+ Kg8 51. Qh1
Rh5 52. Qc1 Rf5 53. Qc7 Rh5 54. Qd7 Kg7 55. Qc8 Rf5 56. Qc3+ Kg8 1/2-1/2

[Event "Icelandic Team Championship 2021-22 - P"]
[Site "Reykjavik"]
[Date "2022.03.04"]
[Round "7.2"]
[White "Gretarsson, Hjorvar Steinn"]
[Black "Thybo, Jesper Sondergaard"]
[Result "1/2-1/2"]
[WhiteElo "2554"]
[BlackElo "2590"]
[PlyCount "73"]
[EventDate "2021.09.30"]
[EventType "team-tourn"]
[EventRounds "10"]
[EventCountry "ISL"]
[WhiteTeam "Taflfélag Garðabæjar"]
[BlackTeam "Skákdeild Fjölnis"]

1. c4 e5 2. Nc3 Nf6 3. e3 c6 4. Nf3 e4 5. Nd4 d5 6. cxd5 cxd5 7. d3 Bc5 8. Nb3
Bb4 9. Bd2 exd3 10. Bxd3 a6 11. Na4 Bg4 12. f3 Bxd2+ 13. Qxd2 Bd7 14. Nac5 Bc6
15. Nd4 O-O 16. Rc1 Qb6 17. Bf5 g6 18. Bh3 Bd7 19. g4 Re8 20. O-O h6 21. Rfd1
Nc6 22. Nxc6 Bxc6 23. Qd4 Qd8 24. Bf1 a5 25. Rc3 Nh7 26. Qf4 Qh4 27. Nb3 Ng5
28. Nd4 Ne6 29. Qg3 Qf6 30. Qf2 Nxd4 31. Rxd4 Re7 32. Bg2 Rae8 33. f4 Kg7 34.
h4 Qe6 35. Qg3 Qf6 36. Qf2 Qe6 37. Qg3 1/2-1/2

[Event "Icelandic Team Championship 2021-22 - P"]
[Site "Reykjavik"]
[Date "2022.03.04"]
[Round "7.2"]
[White "Nagy, Gabor"]
[Black "Ris, Robert"]
[Result "1/2-1/2"]
[WhiteElo "2507"]
[BlackElo "2468"]
[PlyCount "23"]
[EventDate "2021.09.30"]
[EventType "team-tourn"]
[EventRounds "10"]
[EventCountry "ISL"]
[WhiteTeam "Taflfélag Garðabæjar"]
[BlackTeam "Skákdeild Fjölnis"]

1. c4 e6 2. Nf3 Nf6 3. b3 d5 4. e3 c5 5. Bb2 Nc6 6. cxd5 exd5 7. Be2 d4 8. Bb5
Bd6 9. O-O O-O 10. h3 Nd5 11. Na3 Qf6 12. Nc4 1/2-1/2

[Event "Icelandic Team Championship 2021-22 - P"]
[Site "Reykjavik"]
[Date "2022.03.04"]
[Round "7.2"]
[White "Ragnarsson, Dagur"]
[Black "Pantzar, Milton"]
[Result "1-0"]
[WhiteElo "2351"]
[BlackElo "2427"]
[PlyCount "85"]
[EventDate "2021.09.30"]
[EventType "team-tourn"]
[EventRounds "10"]
[EventCountry "ISL"]
[WhiteTeam "Skákdeild Fjölnis"]
[BlackTeam "Taflfélag Garðabæjar"]

1. Nf3 d5 2. g3 Nf6 3. Bg2 e6 4. d4 Bd6 5. O-O O-O 6. c4 h6 7. Nc3 Nc6 8. a3
dxc4 9. Qa4 e5 10. d5 Ne7 11. Rd1 a6 12. Qxc4 c6 13. dxc6 Nxc6 14. Qh4 Qe7 15.
Bxh6 gxh6 16. Qxh6 Bf5 17. Nh4 Bh7 18. Bh3 Rfd8 19. Bf5 Bg6 20. Bxg6 fxg6 21.
Qxg6+ Kh8 22. Qh6+ Kg8 23. Nd5 Nxd5 24. Rxd5 Bc7 25. Rad1 Qg7 26. Qe6+ Qf7 27.
Qg4+ Qg7 28. Qc4 Kh8 29. Nf5 Qg5 30. e4 Bb6 31. h4 Qg8 32. Qb3 Rxd5 33. Rxd5
Nd4 34. Qxb6 Nxf5 35. Qf6+ Ng7 36. Rxe5 Qd8 37. Re7 Qg8 38. h5 Rf8 39. Qh6+ Qh7
40. Qg5 Qg8 41. h6 Ne8 42. Qxg8+ Kxg8 43. e5 1-0

[Event "Icelandic Team Championship 2021-22 - P"]
[Site "Reykjavik"]
[Date "2022.03.04"]
[Round "7.2"]
[White "Brynell, Stellan"]
[Black "Bjornsson, Sigurbjorn"]
[Result "1-0"]
[WhiteElo "2406"]
[BlackElo "2305"]
[PlyCount "63"]
[EventDate "2021.09.30"]
[EventType "team-tourn"]
[EventRounds "10"]
[EventCountry "ISL"]
[WhiteTeam "Taflfélag Garðabæjar"]
[BlackTeam "Skákdeild Fjölnis"]

1. d4 d5 2. Nf3 c6 3. c4 Nf6 4. g3 e6 5. Bg2 dxc4 6. O-O b5 7. Ne5 Bb7 8. a4
Nd5 9. e4 Nb4 10. Nc3 a6 11. Qh5 g6 12. Nxg6 fxg6 13. Qe5 Nc2 14. Qxh8 Nxa1 15.
Bh6 Nd7 16. Rxa1 Qe7 17. h4 O-O-O 18. Bg5 Qf7 19. d5 Qxf2+ 20. Kxf2 Bc5+ 21.
Ke2 Rxh8 22. dxe6 Nb6 23. a5 Na8 24. Rd1 Nc7 25. e7 Bxe7 26. Bxe7 Re8 27. Bh3+
Kb8 28. Rd8+ Rxd8 29. Bxd8 b4 30. Na4 Nb5 31. Bb6 b3 32. Be6 1-0

[Event "Icelandic Team Championship 2021-22 - P"]
[Site "Reykjavik"]
[Date "2022.03.04"]
[Round "7.2"]
[White "Heimisson, Hilmir Freyr"]
[Black "Petersson, Baldur Teodor"]
[Result "1-0"]
[WhiteElo "2333"]
[BlackElo "2242"]
[PlyCount "83"]
[EventDate "2021.09.30"]
[EventType "team-tourn"]
[EventRounds "10"]
[EventCountry "ISL"]
[WhiteTeam "Skákdeild Fjölnis"]
[BlackTeam "Taflfélag Garðabæjar"]

1. Nf3 d5 2. g3 Nf6 3. Bg2 e6 4. d4 Bd6 5. O-O O-O 6. Nbd2 Nbd7 7. c4 c6 8. Qc2
Re8 9. Rd1 Qe7 10. b3 e5 11. dxe5 Nxe5 12. Bb2 dxc4 13. bxc4 Nxf3+ 14. Nxf3 Bg4
15. Rab1 Bxf3 16. Bxf3 Bc5 17. Bxf6 Qxf6 18. Rxb7 Rad8 19. Kg2 g6 20. Rdd7 Rxd7
21. Rxd7 Re6 22. Rc7 h5 23. h4 Kg7 24. Qd3 Bb6 25. Rc8 Rd6 26. Qa3 Qf5 27. Qxd6
Qxc8 28. Bxc6 Qf5 29. e3 Bc5 30. Qc7 Bb4 31. Qxa7 Be1 32. Qd4+ Kg8 33. Qb2 g5
34. hxg5 Qxg5 35. Qb8+ Kg7 36. Qf4 Qxf4 37. exf4 Ba5 38. Bf3 Kg6 39. c5 h4 40.
gxh4 Kf5 41. Bd5 Kxf4 42. Bxf7 1-0

[Event "Icelandic Team Championship 2021-22 - P"]
[Site "Reykjavik"]
[Date "2022.03.04"]
[Round "7.2"]
[White "Edvardsson, Kristjan"]
[Black "Johannesson, Oliver"]
[Result "1-0"]
[WhiteElo "2223"]
[BlackElo "2220"]
[PlyCount "97"]
[EventDate "2021.09.30"]
[EventType "team-tourn"]
[EventRounds "10"]
[EventCountry "ISL"]
[WhiteTeam "Taflfélag Garðabæjar"]
[BlackTeam "Skákdeild Fjölnis"]

1. d4 Nf6 2. c4 c5 3. d5 b5 4. cxb5 a6 5. bxa6 g6 6. Nc3 Bg7 7. Nf3 O-O 8. g3
Qa5 9. Bg2 d6 10. O-O Bxa6 11. Bd2 Nbd7 12. Qc2 Rfb8 13. Rab1 Ng4 14. b3 Qa3
15. h3 Nge5 16. Ne1 Nb6 17. Qd1 Ned7 18. Nc2 Qa5 19. Qe1 Nf6 20. a4 Nbd7 21.
Nb5 Qb6 22. Nca3 Bxb5 23. Nxb5 Ne8 24. Na3 Qa6 25. Nc4 Nc7 26. Ba5 Ra7 27. Bd2
Nb6 28. Ne3 Rab7 29. Ba5 Nd7 30. Qd2 Ra8 31. Bc3 Bxc3 32. Qxc3 Rab8 33. Rb2 Rb4
34. Rfb1 Qa5 35. Nc2 Rxa4 36. Qe3 Ra2 37. Qxe7 Rxb2 38. Rxb2 Qc3 39. Qxd7 Qxb2
40. Qxc7 Rxb3 41. Ne3 Qe5 42. Ng4 Qxe2 43. Qd8+ Kg7 44. Qf6+ Kf8 45. Qd8+ Kg7
46. Qxd6 c4 47. Qf6+ Kf8 48. d6 Qb2 49. Ne5 1-0

[Event "Icelandic Team Championship 2021-22 - P"]
[Site "Reykjavik"]
[Date "2022.03.04"]
[Round "7.2"]
[White "Halldorsson, Jon Arni"]
[Black "Crevatin, Leo"]
[Result "0-1"]
[WhiteElo "2070"]
[BlackElo "2224"]
[PlyCount "70"]
[EventDate "2021.09.30"]
[EventType "team-tourn"]
[EventRounds "10"]
[EventCountry "ISL"]
[WhiteTeam "Skákdeild Fjölnis"]
[BlackTeam "Taflfélag Garðabæjar"]

1. d4 Nf6 2. Nf3 d5 3. c4 e6 4. g3 Bb4+ 5. Bd2 a5 6. Bg2 O-O 7. O-O dxc4 8.
Bxb4 axb4 9. Ne5 Nc6 10. Nxc6 bxc6 11. Bxc6 Ra5 12. Bf3 Ba6 13. Re1 Qb8 14. Nd2
Rd8 15. Qc2 Rxd4 16. e3 Rd8 17. Nxc4 Rc5 18. b3 Nd5 19. Red1 h6 20. Qd2 Re8 21.
Ne5 Qb5 22. Nc4 Nc3 23. Rdc1 Rf5 24. Bg2 Bb7 25. a4 Qa6 26. Qd7 Ne2+ 27. Kf1
Bxg2+ 28. Kxe2 Qa8 29. Nd2 Rd8 30. Qxc7 Rxd2+ 31. Kxd2 Rxf2+ 32. Ke1 Qf3 33.
Qd8+ Kh7 34. Qd3+ f5 35. g4 Bf1 0-1

[Event "Icelandic Team Championship 2021-22 - P"]
[Site "Reykjavik"]
[Date "2022.03.04"]
[Round "7.3"]
[White "Hjartarson, Johann"]
[Black "Oleksiyenko, Mykhaylo"]
[Result "0-1"]
[WhiteElo "2470"]
[BlackElo "2584"]
[PlyCount "120"]
[EventDate "2021.09.30"]
[EventType "team-tourn"]
[EventRounds "10"]
[EventCountry "ISL"]
[WhiteTeam "Víkingaklúbburinn"]
[BlackTeam "Taflfélag Reykjavíkur"]

1. e4 e5 2. Nf3 Nc6 3. Bb5 Nf6 4. O-O Nxe4 5. d4 Nd6 6. Bxc6 dxc6 7. dxe5 Nf5
8. Qxd8+ Kxd8 9. Nc3 Ke8 10. h3 h5 11. Bf4 Be7 12. Rad1 Nh4 13. Nd4 Nf5 14. Nf3
Be6 15. Ng5 Rh6 16. Rfe1 Rd8 17. Rxd8+ Bxd8 18. Nxe6 Rxe6 19. Ne4 Be7 20. c3 c5
21. Kf1 Kd7 22. g4 hxg4 23. hxg4 Nh4 24. Nd2 Ra6 25. a3 g5 26. Bg3 Ng6 27. Ne4
Rb6 28. Re2 c4 29. Ke1 Rb5 30. Nf6+ Bxf6 31. exf6 Rb6 32. Rd2+ Ke6 33. Bxc7 Rc6
34. Bb8 a6 35. Kd1 b5 36. Ke2 Kxf6 37. Rd5 Ne7 38. Rd7 Re6+ 39. Kd2 Ng6 40. Ba7
Nh4 41. Be3 Kg6 42. Rd8 f6 43. Ke2 Ng2 44. Kf3 Ne1+ 45. Ke2 Nd3 46. b4 Ne5 47.
f3 Nd3 48. Kd2 Ne1 49. Kxe1 Rxe3+ 50. Kd2 Rxf3 51. Rg8+ Kf7 52. Ra8 Rd3+ 53.
Kc2 Rd6 54. a4 f5 55. gxf5 g4 56. axb5 axb5 57. Rh8 Kf6 58. Rf8+ Kg5 59. Kb2
Rf6 60. Rg8+ Kf4 0-1

[Event "Icelandic Team Championship 2021-22 - P"]
[Site "Reykjavik"]
[Date "2022.03.04"]
[Round "7.3"]
[White "Kjartansson, Gudmundur"]
[Black "Pakleza, Zbigniew"]
[Result "1/2-1/2"]
[WhiteElo "2450"]
[BlackElo "2500"]
[PlyCount "74"]
[EventDate "2021.09.30"]
[EventType "team-tourn"]
[EventRounds "10"]
[EventCountry "ISL"]
[WhiteTeam "Taflfélag Reykjavíkur"]
[BlackTeam "Víkingaklúbburinn"]

1. d4 d5 2. c4 Nc6 3. cxd5 Qxd5 4. e3 e5 5. Nc3 Bb4 6. Bd2 Bxc3 7. bxc3 Qd6 8.
Bd3 Nf6 9. Ne2 O-O 10. Ng3 Bg4 11. Qa4 Bd7 12. Qc2 exd4 13. cxd4 Nb4 14. Bxb4
Qxb4+ 15. Qd2 Qa3 16. O-O c5 17. dxc5 Rfd8 18. Bc4 Qxc5 19. Rac1 Qe7 20. Qb2 b5
21. Be2 b4 22. Bf3 Rac8 23. Rfd1 a5 24. Ne2 h6 25. h3 Nh7 26. Nf4 Nf6 27. Ne2
Ba4 28. Rxd8+ Qxd8 29. Nd4 Rc7 30. Nf5 Rxc1+ 31. Qxc1 Bd7 32. Qc5 Bxf5 33. Qxf5
Qd2 34. Qxa5 Qe1+ 35. Kh2 Qxf2 36. Qxb4 Qxa2 37. Qd4 Qe6 1/2-1/2

[Event "Icelandic Team Championship 2021-22 - P"]
[Site "Reykjavik"]
[Date "2022.03.04"]
[Round "7.3"]
[White "Petursson, Margeir"]
[Black "Gunnarsson, Jon Viktor"]
[Result "1/2-1/2"]
[WhiteElo "2447"]
[BlackElo "2439"]
[PlyCount "116"]
[EventDate "2021.09.30"]
[EventType "team-tourn"]
[EventRounds "10"]
[EventCountry "ISL"]
[WhiteTeam "Taflfélag Reykjavíkur"]
[BlackTeam "Víkingaklúbburinn"]

1. c4 e5 2. g3 c6 3. Nf3 e4 4. Nd4 d5 5. d3 Nf6 6. Bg2 dxc4 7. dxe4 Bc5 8. e3
O-O 9. O-O Re8 10. Nc3 Bb4 11. Qc2 Bxc3 12. bxc3 Qe7 13. Nf5 Bxf5 14. exf5 Na6
15. Qe2 Qc5 16. a4 Ne4 17. Qg4 Qe5 18. Ba3 Rad8 19. f6 Nxf6 20. Qxc4 Ne4 21.
Rfd1 Nd2 22. Qa2 Ne4 23. Qc2 Rxd1+ 24. Rxd1 h6 25. c4 Nac5 26. Bb2 Qe6 27. Bd4
b6 28. Ra1 Nb7 29. Rd1 c5 30. Bb2 Na5 31. Rd5 Nc6 32. Qd1 f6 33. Rd7 Re7 34.
Rd5 Nb4 35. Rd8+ Kh7 36. Qe2 f5 37. h4 Rd7 38. Rxd7 Qxd7 39. Bxe4 fxe4 40. Bc3
Nd3 41. a5 Qf7 42. axb6 axb6 43. h5 Qf3 44. Qxf3 exf3 45. e4 g6 46. g4 gxh5 47.
gxh5 Kg8 48. Bf6 Kf7 49. Bd8 Ke6 50. Bxb6 Ke5 51. Ba5 Kxe4 52. Bd2 Kf5 53. Bxh6
Kg4 54. Be3 Kxh5 55. Kh1 Kg4 56. Kh2 Kh4 57. Kg1 Kh3 58. Kh1 Kg4 1/2-1/2

[Event "Icelandic Team Championship 2021-22 - P"]
[Site "Reykjavik"]
[Date "2022.03.04"]
[Round "7.3"]
[White "Arnason, Jon L"]
[Black "Thorhallsson, Throstur"]
[Result "1/2-1/2"]
[WhiteElo "2410"]
[BlackElo "2414"]
[PlyCount "50"]
[EventDate "2021.09.30"]
[EventType "team-tourn"]
[EventRounds "10"]
[EventCountry "ISL"]
[WhiteTeam "Víkingaklúbburinn"]
[BlackTeam "Taflfélag Reykjavíkur"]

1. e4 c5 2. Nf3 d6 3. Bb5+ Bd7 4. a4 a6 5. Bc4 Nc6 6. O-O Nf6 7. d3 Bg4 8. Nbd2
e6 9. h3 Bh5 10. Re1 Be7 11. Ba2 O-O 12. Nf1 h6 13. Ng3 Bg6 14. Nh2 d5 15. Bd2
b5 16. f4 dxe4 17. dxe4 Qd4+ 18. Kh1 Rad8 19. Nf3 Qxb2 20. Bb3 c4 21. Ra2 Qc3
22. Bxc3 Rxd1 23. Rxd1 cxb3 24. cxb3 Nxe4 25. Nxe4 Bxe4 1/2-1/2